সিরাজগঞ্জের ইতিহাস ও ঐতিহ্য : (Record no. 82992)
[ view plain ]
| 000 -LEADER | |
|---|---|
| fixed length control field | 01667nam a2200253 a 4500 |
| 001 - CONTROL NUMBER | |
| RUCL Control Number | 82992 |
| 003 - CONTROL NUMBER IDENTIFIER | |
| rucl marc code | BD-RjUL |
| 005 - DATE AND TIME OF LATEST TRANSACTION | |
| control field | 20240207123857.0 |
| 008 - FIXED-LENGTH DATA ELEMENTS--GENERAL INFORMATION | |
| fixed length control field | 240207s2019 bg a|||| m||| 00| 0 ben d |
| 035 ## - SYSTEM CONTROL NUMBER | |
| system control number | (BD-RjUL)82992 |
| 040 ## - CATALOGING SOURCE | |
| Original cataloging agency | BD-RjUL |
| Language of cataloging | ben/eng |
| Transcribing agency | BD-RjUL |
| Modifying agency | BD-RjUL |
| 041 ## - LANGUAGE CODE | |
| Language code of Book | ben |
| 082 ## - DEWEY DECIMAL CLASSIFICATION NUMBER | |
| DDC Edition number | 23 |
| Classification number | 930.0954924 |
| Author mark and Year | NAS 2019 |
| 100 ## - MAIN ENTRY--PERSONAL NAME | |
| Personal name | নাহার, কামরুন |
| 9 (RLIN) | 11531 |
| 245 10 - TITLE STATEMENT | |
| Title | সিরাজগঞ্জের ইতিহাস ও ঐতিহ্য : |
| Remainder of title | আর্থ-সামাজিক ও সাংস্কৃতিক বিশ্লেষণ / |
| Statement of responsibility, etc | কামরুন নাহার |
| Name of Supervisor/Co-Supervisor | সুপারভাইজার : কাজী মো. মোস্তাফিজুর রহমান |
| 260 ## - PUBLICATION, DISTRIBUTION, ETC. (IMPRINT) | |
| Place of publication, distribution, etc | রাজশাহী : |
| Name of publisher, distributor, etc | ইসলামের ইতিহাস ও সংস্কৃতি বিভাগ,রাজশাহী বিশ্ববিদ্যালয় |
| Date of publication, distribution, etc | ২০১৯ |
| 300 ## - PHYSICAL DESCRIPTION | |
| Pagination | [১], vi, ২০৩ পাতা : |
| Other physical details | চিত্র.; |
| Dimensions | ২৯ সেমি. |
| 502 ## - DISSERTATION NOTE | |
| Dissertation note | থিসিস(পিএইচ.ডি.)-- ইসলামের ইতিহাস ও সংস্কৃতি বিভাগ,রাজশাহী বিশ্ববিদ্যালয়,২০১৯ |
| 504 ## - BIBLIOGRAPHY, ETC. NOTE | |
| Bibliography, etc | গ্রন্থপঞ্জি : পাতা ১৯৬-২০৩ |
| 650 ## - SUBJECT ADDED ENTRY--TOPICAL TERM | |
| Topical term or geographic name as entry element | ইতিহাস ও ঐতিহ্য |
| Geographic subdivision | বাংলাদেশ |
| -- | সিরাজগঞ্জ |
| 9 (RLIN) | 11532 |
| Topical term or geographic name as entry element | History and Traditions |
| Geographic subdivision | Bangladesh |
| -- | Sirajganj |
| 9 (RLIN) | 11533 |
| 700 ## - ADDED ENTRY--SUPERVISOR/CO-SUPERVISOR NAME | |
| Personal name | রহমান, কাজী মো. মোস্তাফিজুর, সুপারভাইজার |
| 9 (RLIN) | 11534 |
| 942 ## - ADDED ENTRY ELEMENTS (KOHA) | |
| Source of classification or shelving scheme | Dewey Decimal Classification |
| Koha item type | Theses |
| Source of classification or shelving scheme | Damaged status | Not for loan | Collection code | Permanent Location | Current Location | Shelving location | Date of accession | Source of acquisition | Total Checkouts | Full call number | Barcode | Date last seen | Copy number | Thesis |
|---|---|---|---|---|---|---|---|---|---|---|---|---|---|---|
| Dewey Decimal Classification | Not For Loan | Theses | Central Library, University of Rajshahi | Central Library, University of Rajshahi | Documentation Section | 19/01/2023 | Controller of Exam. R.U. | BTHE 930.0954924 NAS 2019 | D4606 | 07/02/2024 | C-1 | Theses |